000 00873nam a2200241Ia 4500
003 OSt
005 20220923212254.0
006 a|||||r|||| 00| 0
007 ta
008 220922b |||||||| |||| 00| 0 hin d
024 _a151,885
037 _cTextual
040 _aARTS
_cARTS
_bhin
041 _2hin
_ahin
082 _aDelta2y7M63x, 152J1;L5
100 _aस्वामी विवेकानन्द
245 0 _aभगवान रामकृष्ण धर्म तथा संघ
246 _aBhagavān rāmakṛuṣhṇa dharma tathā sangha
260 _c1951
490 _aश्री रामकृष्ण शिवानन्द स्मृतिग्रंथमाला; 18
942 _hDelta2y7M63x, 152J1;L5
_cTEXL
_2CC
999 _c307558
_d307558